La guerra fría vista desde Buenos Aires : los editoriales en La Nación, 1954-1955 /

I tiakina i:
Ngā taipitopito rārangi puna kōrero
Kaituhi matua: Romero, José Luis (autor.)
Ētahi atu kaituhi: Romero, Luis Alberto (compilador.)
Hōputu: īPukapuka
Reo:Pāniora
I whakaputaina: Buenos Aires : SB Editorial, 2025.
Rangatū:Tanteando al elefante ; 11.
Ngā marau:
Urunga tuihono:https://elibro.unach.elogim.com/es/lc/unach/titulos/286108
Tags: Tāpirihia he Tūtohu
No Tags, Be the first to tag this record!

MARC

LEADER 00000nam a2200000 i 4500
001 ELB286108
003 FINmELB
005 20251022125457.0
006 m o u
007 cr cn|||||||||
008 251022s2025 ag ob 000 0 spa d
020 |z 9786316680150 
035 |a (OCoLC)1553196942 
040 |a FINmELB  |b spa  |e rda  |c FINmELB 
050 4 |a D843  |b R763 2025 
080 |a 94(100):791.222 
082 0 4 |a 909.825  |2 23 
100 1 |a Romero, José Luis,  |e autor. 
245 1 3 |a La guerra fría vista desde Buenos Aires :  |b los editoriales en La Nación, 1954-1955 /  |c José Luis Romero ; textos compilados por Luis Alberto Romero. 
264 1 |a Buenos Aires :  |b SB Editorial,  |c 2025. 
300 |a 1 recurso en línea (261 páginas) 
336 |a texto  |b txt  |2 rdamedia/spa 
337 |a computadora  |b c  |2 rdamedia/spa 
338 |a recurso en línea  |b cr  |2 rdacarrier/spa 
490 1 |a Tanteando al elefante ;  |v 11 
504 |a Contiene bibliografía. 
588 |a Descripción basada en metadatos suministrados por el editor y otras fuentes. 
590 |a Recurso electrónico. Santa Fe, Arg.: elibro, 2025. Disponible vía World Wide Web. El acceso puede estar limitado para las bibliotecas afiliadas a elibro. 
610 2 0 |a La Nación (Argentina) 
650 4 |a Guerra Fría. 
650 4 |a Política mundial. 
650 4 |a Periodismo de opinión  |z Argentina. 
655 4 |a Libros electrónicos. 
700 1 |a Romero, Luis Alberto,  |e compilador. 
797 2 |a elibro, Corp. 
830 0 |a Tanteando al elefante ;  |v 11. 
856 4 0 |u https://elibro.unach.elogim.com/es/lc/unach/titulos/286108